00281nam a22001097a 4500008004100000020002200041100001600063245004600079260003000125300000800155650000800163241109b |||||||| |||| 00| 0 eng d a978-93-539-4490-2 aM.E. Fenner aMachine Learning with Python for Everyone aNoidabPearson Pub c2024 a473 aCSE